| 000 | 00493nam a2200193Ia 4500 | ||
|---|---|---|---|
| 008 | 131103s9999 xx 000 0 und d | ||
| 020 | _cRs.30.00 | ||
| 040 | _aLoreto College | ||
| 041 | _aEnglish | ||
| 082 |
_a891.44B/MAR-BHA _bLCBED/14879 |
||
| 100 | _aBhattacharya, Sourrin | ||
| 245 |
_aMarx _cSourrin Bhattacharya |
||
| 260 |
_aKolkata _bPapirus _c1996 |
||
| 300 |
_a64p. _c 18cm. |
||
| 650 | _aMarx, Karl | ||
| 651 | _aBiography | ||
| 850 | _aLCBED/891.44B/MAR-BHA | ||
| 942 | _cBK | ||
| 999 |
_c38200 _d88679 |
||